[Event "33.Schlosspark-Open"]
[Site "Wiesbaden-Biebrich"]
[Date "2024.08.24"]
[Round "4.49"]
[White "Stehning, Toni"]
[Black "Gärtner, David"]
[Result "1-0"]
[WhiteElo "1857"]
[BlackElo "1661"]
[PlyCount "119"]
[EventDate "2024.08.22"]
[WhiteTeam "SF Braunfels"]
[BlackTeam "Sfr.Mainz 1928"]

1. e4 e6 2. d4 d5 3. e5 c5 4. c3 Nc6 5. Nf3 Qb6 6. Bd3 cxd4 7. O-O Bd7 8. Re1 Bc5 9. Kf1 dxc3 10. Nxc3 Bb4 11. a3 Bxc3 12. bxc3 Na5 13. Be3 Qc7 14. Nd4 Nc4 15. f4 Nb2 16. Nb5 Qb8 17. Qe2 Nxd3 18. Nd6+ Kf8 19. Qxd3 Ne7 20. Qe2 Qc7 21. Qb2 Nf5 22. Qxb7 Qxb7 23. Nxb7 Nxe3+ 24. Rxe3 Rb8 25. Nd6 Rb3 26. Kf2 Ke7 27. c4 Rb2+ 28. Re2 Rxe2+ 29. Kxe2 dxc4 30. Rb1 Bc6 31. Nxc4 Rf8 32. Nd6 h6 33. Rc1 Kd7 34. Rb1 Ke7 35. g3 Kd7 36. Kd3 Bd5 37. Rb5 Ke7 38. Rc5 Kd7 39. Ra5 Ra8 40. Nxf7 Kc6 41. Nd6 Kb6 42. Rb5+ Kc7 43. Kd4 Bc6 44. Ra5 Kb6 45. Nc4+ Kc7 46. Kc5 Bd5 47. Nd6 Bf3 48. f5 exf5 49. Nxf5 g6 50. Nd6 Bc6 51. e6 g5 52. Ra6 Bb7 53. Nxb7 Kxb7 54. Rc6 Rd8 55. Rd6 Rc8+ 56. Kd5 Rc1 57. e7 Re1 58. Re6 Rd1+ 59. Kc4 Rc1+ 60. Kd3 1-0

[Event "33.Schlosspark-Open"]
[Site "Wiesbaden-Biebrich"]
[Date "2024.08.24"]
[Round "4.51"]
[White "Musiienko, Platon"]
[Black "Will, Elina"]
[Result "1-0"]
[WhiteElo "1913"]
[BlackElo "1596"]
[PlyCount "59"]
[EventDate "2024.08.22"]
[WhiteTeam "Wiesbadener SV 1885"]
[BlackTeam "TuS Makkabi Wiesbaden"]

1. e4 e6 2. d4 d5 3. Nd2 Nf6 4. e5 Nfd7 5. Bd3 c5 6. c3 Nc6 7. Ndf3 Qb6 8. Ne2 f6 9. exf6 Nxf6 10. O-O cxd4 11. Nexd4 Bc5 12. Nxc6 bxc6 13. Qe2 a5 14. Bg5 h6 15. Bg6+ Ke7 16. Bh4 Rf8 17. Rae1 Qa6 18. Qd2 Qa7 19. Ne5 Qc7 20. Ng4 Bd6 21. Nxf6 gxf6 22. Qxh6 Ba6 23. Qg7+ Kd8 24. Bxf6+ Kc8 25. Rxe6 Bxf1 26. Rxd6 Qxg7 27. Bxg7 Rg8 28. Be5 Bb5 29. h4 Kb7 30. h5 1-0

[Event "33.Schlosspark-Open"]
[Site "Wiesbaden-Biebrich"]
[Date "2024.08.24"]
[Round "4.52"]
[White "Donecker, Stefan"]
[Black "Berberich, Christoph"]
[Result "1/2-1/2"]
[WhiteElo "1770"]
[BlackElo "1904"]
[PlyCount "65"]
[EventDate "2024.08.22"]
[WhiteTeam "SAbt TuS Dotzheim"]
[BlackTeam "SK Freiburg-Zähringen 1887 e.V."]

1. Nc3 c5 2. e4 Nc6 3. g3 g6 4. Bg2 Bg7 5. d3 d6 6. Be3 Rb8 7. Qd2 b5 8. f4 Nd4 9. Nd1 Bd7 10. c3 Nc6 11. Ne2 Na5 12. O-O Nf6 13. Nf2 Ng4 14. Nxg4 Bxg4 15. f5 Bxe2 16. Qxe2 O-O 17. Rad1 b4 18. d4 bxc3 19. bxc3 cxd4 20. cxd4 Qd7 21. fxg6 hxg6 22. Rd2 Qb5 23. Qxb5 Rxb5 24. Rc1 Rfb8 25. Bf1 Rb1 26. Rxb1 Rxb1 27. Kg2 Rb4 28. e5 dxe5 29. dxe5 Nc6 30. Rc2 Nd4 31. Bxd4 Rxd4 32. e6 fxe6 33. Bc4 1/2-1/2

[Event "33.Schlosspark-Open"]
[Site "Wiesbaden-Biebrich"]
[Date "2024.08.24"]
[Round "4.53"]
[White "Shanmuganathan, Adhav"]
[Black "Froitzheim, Ralf"]
[Result "1/2-1/2"]
[WhiteElo "1590"]
[BlackElo "1891"]
[PlyCount "86"]
[EventDate "2024.08.22"]
[WhiteTeam "SV 1934 Ffm-Griesheim"]
[BlackTeam "SG Niederkassel"]

1. e4 c6 2. d4 d5 3. Nc3 dxe4 4. Nxe4 Nf6 5. Nxf6+ exf6 6. c3 Bd6 7. Bd3 O-O 8. Qc2 Re8+ 9. Ne2 g6 10. O-O f5 11. Bf4 Rxe2 12. Bxe2 Bxf4 13. Rad1 Qc7 14. g3 Bd6 15. Rfe1 Nd7 16. Bc4 Nf6 17. Qb3 f4 18. Bf1 Bg4 19. Rd3 Rd8 20. Bg2 b5 21. d5 f3 22. Bxf3 Bxf3 23. Rxf3 Nxd5 24. c4 bxc4 25. Qxc4 Nb6 26. Qc2 c5 27. Rd1 c4 28. Rc3 Re8 29. a3 Qb8 30. Qd2 Bf8 31. Re3 Rc8 32. Rf3 Bg7 33. Rc1 Qe5 34. Rc2 h5 35. Re3 Qf6 36. Qe2 Qf5 37. Rf3 Qd7 38. Rd2 Qg4 39. Qd1 Qg5 40. h4 Qe7 41. Re3 Qc7 42. Qe2 Qc6 43. Re7 Ra8 1/2-1/2

[Event "33.Schlosspark-Open"]
[Site "Wiesbaden-Biebrich"]
[Date "2024.08.24"]
[Round "4.54"]
[White "Milman, Sophie"]
[Black "Kolker, Vladislav"]
[Result "0-1"]
[WhiteElo "1574"]
[BlackElo "1886"]
[PlyCount "146"]
[EventDate "2024.08.22"]
[WhiteTeam "VSG 1880 Offenbach"]
[BlackTeam "SC Bad Nauheim"]

1. e4 e5 2. Nf3 Nc6 3. d4 exd4 4. Nxd4 Bc5 5. Be3 Qf6 6. c3 Nge7 7. Bc4 d6 8. O-O Ne5 9. Be2 O-O 10. Nd2 N5g6 11. Bg4 d5 12. Bxc8 Raxc8 13. exd5 Nxd5 14. Ne4 Qb6 15. Nxc5 Nxe3 16. fxe3 Qxc5 17. Qf3 c6 18. Nb3 Qb6 19. Rad1 Rce8 20. Rde1 Ne5 21. Qe2 f5 22. Kh1 Ng4 23. Rf3 f4 24. Qc4+ Kh8 25. Rxf4 Nf2+ 26. Kg1 Rxf4 27. Qxf4 Nd3 28. Qf7 Rd8 29. Re2 Nxb2 30. h3 Nd1 31. Qf4 Nxc3 32. Rd2 Nd5 33. Qd4 Re8 34. Qxb6 axb6 35. Rf2 Kg8 36. Re2 Rxe3 37. Rxe3 Nxe3 38. Kf2 Nd5 39. Kf3 Kf7 40. g4 Kf6 41. h4 Ke5 42. h5 h6 43. a3 c5 44. a4 Nc3 45. a5 bxa5 46. Nxc5 b5 47. Nd3+ Kf6 48. Ke3 Kg5 49. Nf2 b4 50. Kd3 a4 51. Kc2 a3 52. Kb3 a2 53. Kb2 b3 54. Ka1 Ne2 55. Kb2 Nd4 56. Ne4+ Kxg4 57. Nc5 Kxh5 58. Nxb3 Nxb3 59. Kxa2 Nd4 60. Ka3 g5 61. Kb4 g4 62. Kc4 g3 63. Kxd4 g2 64. Kd5 g1=Q 65. Kd6 Qg5 66. Kc6 Qa5 67. Kd6 Qb5 68. Ke6 Qc5 69. Kf6 Qd5 70. Kg7 Qe6 71. Kh8 Qe7 72. Kg8 Kg6 73. Kh8 Qg7# 0-1

[Event "33.Schlosspark-Open"]
[Site "Wiesbaden-Biebrich"]
[Date "2024.08.24"]
[Round "4.55"]
[White "Hauptmann, Thomas"]
[Black "Kupke, Jonas"]
[Result "1-0"]
[WhiteElo "1984"]
[BlackElo "1770"]
[PlyCount "81"]
[EventDate "2024.08.22"]
[WhiteTeam "Fischer Z"]
[BlackTeam "Wiesbadener SV 1885"]

1. e4 e5 2. Nf3 Bc5 3. Bc4 Nc6 4. O-O Nf6 5. d3 d6 6. h3 Na5 7. Nbd2 Nxc4 8. Nxc4 Be6 9. Ne3 h6 10. c3 a6 11. Qc2 O-O 12. d4 exd4 13. Nxd4 Re8 14. f3 Nh5 15. Kh2 Bxd4 16. cxd4 Qh4 17. Qf2 Qf6 18. Nc2 d5 19. e5 Qg6 20. g4 c5 21. gxh5 Qxh5 22. Qg2 Rac8 23. Bf4 Bd7 24. Rac1 Bb5 25. Rg1 g5 26. Be3 Bd3 27. Ne1 Bf5 28. Qg3 Kh7 29. Rxc5 Rxc5 30. dxc5 Rxe5 31. Bd4 Re2+ 32. Ng2 Rd2 33. Be3 Rxb2 34. Rd1 Rxa2 35. Rxd5 Be6 36. Rd2 Ra1 37. Bd4 Rc1 38. Nf4 Rc2 39. Nxh5 Rxd2+ 40. Bf2 Kg6 41. Nf4+ 1-0

[Event "33.Schlosspark-Open"]
[Site "Wiesbaden-Biebrich"]
[Date "2024.08.24"]
[Round "4.56"]
[White "Brechlin, Olaf"]
[Black "Börsch, Dieter"]
[Result "1-0"]
[WhiteElo "1917"]
[BlackElo "1760"]
[PlyCount "61"]
[EventDate "2024.08.22"]
[WhiteTeam "FVS ASP Hoyerswerda"]
[BlackTeam "SK Bad Homburg 1927"]

1. Nc3 d5 2. e4 dxe4 3. Nxe4 Bf5 4. Ng3 Bg6 5. Nf3 Nd7 6. d4 e6 7. Bd3 Ngf6 8. c3 Bd6 9. Bg5 c6 10. O-O Qc7 11. Re1 O-O-O 12. b4 Bxd3 13. Qxd3 h6 14. Be3 Nd5 15. Ne4 N7f6 16. Nxd6+ Qxd6 17. Ne5 Rhf8 18. b5 Nxe3 19. Rxe3 c5 20. Qc4 Nd5 21. Ree1 Nb6 22. Qxc5+ Qxc5 23. dxc5 Na4 24. c6 bxc6 25. Nxc6 Rd7 26. Re4 Nxc3 27. Rc4 Rd1+ 28. Rxd1 Nxd1 29. Rc2 f6 30. Nxa7+ Kb7 31. Nc6 1-0

[Event "33.Schlosspark-Open"]
[Site "Wiesbaden-Biebrich"]
[Date "2024.08.24"]
[Round "4.57"]
[White "Wunschik, Joachim"]
[Black "Yozgyur, Ediz"]
[Result "1-0"]
[WhiteElo "1879"]
[BlackElo "1758"]
[PlyCount "81"]
[EventDate "2024.08.22"]
[WhiteTeam "SV Rüsselsheim 1929"]
[BlackTeam "Kreuznacher SV 1921 e.V."]

1. d4 Nf6 2. c4 e6 3. Nc3 Bb4 4. Bd2 c5 5. d5 exd5 6. Nxd5 Nxd5 7. cxd5 Bxd2+ 8. Qxd2 O-O 9. g3 d6 10. Bg2 Bf5 11. e3 Nd7 12. Ne2 Ne5 13. O-O Bd3 14. f4 Bxe2 15. Qxe2 Nd7 16. Qc2 Nf6 17. Rad1 Re8 18. Rfe1 Qe7 19. e4 Nd7 20. Qc3 f6 21. Bh3 Qd8 22. Be6+ Kh8 23. Re2 Nf8 24. f5 Nxe6 25. dxe6 Qb6 26. Red2 Rad8 27. Kh1 Qc6 28. Rd5 b6 29. h4 a5 30. Kh2 a4 31. a3 Qb5 32. Qc2 g6 33. Rxd6 Rxd6 34. Rxd6 gxf5 35. exf5 c4 36. Qf2 Rb8 37. e7 Qe8 38. Qe3 Kg7 39. Qe6 Rb7 40. Qxf6+ Kg8 41. Rd8 1-0

[Event "33.Schlosspark-Open"]
[Site "Wiesbaden-Biebrich"]
[Date "2024.08.24"]
[Round "4.58"]
[White "John, Volkmar"]
[Black "Busch, Malte"]
[Result "1-0"]
[WhiteElo "1756"]
[BlackElo "1875"]
[PlyCount "73"]
[EventDate "2024.08.22"]
[WhiteTeam "SK Herborn 1946"]
[BlackTeam "SC 1979 Hattersheim"]

1. c4 e5 2. g3 d6 3. Bg2 f5 4. e3 Nf6 5. Ne2 Be7 6. d3 c6 7. O-O O-O 8. f4 Na6 9. Nbc3 Nc7 10. e4 Kh8 11. fxe5 dxe5 12. exf5 Ng4 13. d4 exd4 14. h3 Bc5 15. Ne4 d3+ 16. Kh1 Ne3 17. Bxe3 Bxe3 18. Nf4 Bxf5 19. Qxd3 Qxd3 20. Nxd3 Rad8 21. Rad1 Ne6 22. Ne5 Nd4 23. g4 Be6 24. Rxf8+ Rxf8 25. Rd3 Bf4 26. Nf3 Ne2 27. b3 a6 28. Ng1 Nc1 29. Rf3 Nxa2 30. Ne2 g5 31. Nxg5 Bxg5 32. Rxf8+ Kg7 33. Rb8 b5 34. cxb5 cxb5 35. Nd4 Bg8 36. Nf5+ Kf7 37. Bd5+ 1-0

[Event "33.Schlosspark-Open"]
[Site "Wiesbaden-Biebrich"]
[Date "2024.08.24"]
[Round "4.59"]
[White "Kappeler, Georg"]
[Black "Launert, Martin"]
[Result "1-0"]
[WhiteElo "1737"]
[BlackElo "1874"]
[PlyCount "53"]
[EventDate "2024.08.22"]
[WhiteTeam "SK Marburg 1931/72"]
[BlackTeam "SF Eltville"]

1. e4 e5 2. Nc3 Nc6 3. Bc4 Nf6 4. d3 Bb4 5. Nge2 d6 6. f4 O-O 7. O-O Na5 8. Bb3 Nxb3 9. axb3 h6 10. f5 d5 11. exd5 Nxd5 12. Nxd5 Qxd5 13. f6 g5 14. Ng3 Bc5+ 15. Kh1 e4 16. Qh5 Kh7 17. Nxe4 Rg8 18. Nxc5 Rg6 19. Ne4 Be6 20. Bd2 a6 21. Rae1 Rag8 22. Ng3 Qd7 23. Qe2 Qc6 24. Bc3 Re8 25. Nf5 Bd7 26. Ne7 Qd6 27. Qf2 1-0

[Event "33.Schlosspark-Open"]
[Site "Wiesbaden-Biebrich"]
[Date "2024.08.24"]
[Round "4.60"]
[White "Schellen, Sven"]
[Black "Bartsch, Marius"]
[Result "0-1"]
[WhiteElo "1873"]
[BlackElo "1750"]
[PlyCount "72"]
[EventDate "2024.08.22"]
[WhiteTeam "SV Frankfurt Nord 1926"]
[BlackTeam "Wiesbadener SV 1885"]

1. Nf3 Nf6 2. g3 g6 3. Bg2 Bg7 4. O-O O-O 5. d3 d6 6. Nbd2 c6 7. e4 e5 8. a4 Qc7 9. Qe2 Re8 10. a5 Nbd7 11. b4 d5 12. c4 Rb8 13. Ba3 b6 14. Rfc1 d4 15. axb6 axb6 16. c5 bxc5 17. bxc5 Ba6 18. Nc4 Bxc4 19. Rxc4 Rb5 20. Nd2 Ra8 21. f4 Rba5 22. Nb1 exf4 23. gxf4 Qxf4 24. Bc1 Qc7 25. Rxa5 Rxa5 26. Qc2 Ng4 27. h3 Nge5 28. Ra4 Rxa4 29. Qxa4 Nxd3 30. Qa8+ Nf8 31. Ba3 Qg3 32. Qb7 Nf4 33. Qb2 d3 34. Qd2 Bd4+ 35. Kh1 Nxg2 36. Qxg2 Qe1+ 0-1

[Event "33.Schlosspark-Open"]
[Site "Wiesbaden-Biebrich"]
[Date "2024.08.24"]
[Round "4.61"]
[White "Boscher, Hans"]
[Black "Schmitt, Clemens"]
[Result "0-1"]
[WhiteElo "1724"]
[BlackElo "1868"]
[PlyCount "142"]
[EventDate "2024.08.22"]
[WhiteTeam "SC Bad Soden"]
[BlackTeam "SV Bergwinkel"]

1. e4 c5 2. Nf3 Nc6 3. Bb5 Nf6 4. e5 Nd5 5. Nc3 Nc7 6. Bxc6 bxc6 7. O-O g6 8. Re1 Bg7 9. Ne4 Ne6 10. c3 O-O 11. d3 d6 12. exd6 exd6 13. Be3 h6 14. Bd2 Kh7 15. Qa4 f5 16. Ng3 Bd7 17. Qc2 Rb8 18. Re2 Nc7 19. Rae1 Nd5 20. d4 cxd4 21. Nxd4 Nc7 22. Bf4 c5 23. Nf3 Bc6 24. Qd3 d5 25. Be5 Bb5 26. Qe3 Bxe2 27. Rxe2 Re8 28. Qxc5 Bxe5 29. Nxe5 Rb6 30. Nc6 Qd7 31. Ne5 Qe7 32. Qxe7+ Rxe7 33. f4 Rb5 34. Nf1 Kg7 35. Ne3 Kf6 36. b3 g5 37. g3 Rc5 38. Rd2 gxf4 39. gxf4 Rxc3 40. Nxd5+ Nxd5 41. Rxd5 Rc1+ 42. Kf2 Rc2+ 43. Kg3 Rxa2 44. Rd6+ Re6 45. Rd7 Rb6 46. Rd3 Ke6 47. Nd7 Rc6 48. Ne5 Rcc2 49. Nf3 Rg2+ 50. Kh4 Rg4+ 51. Kh5 Rxf4 52. Kxh6 Rf2 53. Ng5+ Kf6 54. Rd6+ Ke7 55. Re6+ Kd7 56. Ra6 Rxh2+ 57. Kg6 Rg2 58. Rxa7+ Kc6 59. Ra6+ Kb5 60. Rf6 Kb4 61. Rxf5 Rxf5 62. Kxf5 Kxb3 63. Ne4 Kc4 64. Nd6+ Kd5 65. Nf7 Rf2+ 66. Kg6 Rf1 67. Nd8 Rf8 68. Nb7 Rb8 69. Na5 Kc5 70. Kf5 Rb6 71. Ke5 Kb4 0-1

[Event "33.Schlosspark-Open"]
[Site "Wiesbaden-Biebrich"]
[Date "2024.08.24"]
[Round "4.62"]
[White "Hipler, Andreas"]
[Black "Reiß, Peter"]
[Result "1-0"]
[WhiteElo "1862"]
[BlackElo "1728"]
[PlyCount "155"]
[EventDate "2024.08.22"]
[WhiteTeam "SK Gau-Algesheim"]
[BlackTeam "SV Multatuli Ingelheim e.V."]

1. d4 Nf6 2. Nf3 e6 3. g3 b6 4. Bg2 Bb7 5. O-O d5 6. c4 dxc4 7. Qa4+ Nbd7 8. Qxc4 c5 9. Nc3 cxd4 10. Qxd4 Bc5 11. Qa4 O-O 12. b4 Be7 13. Rd1 Qc8 14. Bb2 Nd5 15. Nxd5 Bxd5 16. Rac1 Qb7 17. a3 Bf6 18. Bxf6 Nxf6 19. Qc2 Rac8 20. Qb2 Rxc1 21. Rxc1 Rc8 22. Ne1 Bxg2 23. Nxg2 h6 24. Nf4 Rxc1+ 25. Qxc1 Qd7 26. Nd3 Ne8 27. Kf1 Qc7 28. Qb2 Nd6 29. Ke1 Nb7 30. Kd2 a5 31. Qc3 Qxc3+ 32. Kxc3 Kf8 33. bxa5 Nxa5 34. Kb4 Ke7 35. Kb5 Kd6 36. a4 Kc7 37. Nb4 Nb3 38. e3 Nc5 39. a5 Ne4 40. axb6+ Kb7 41. Nd3 Nd6+ 42. Kc5 Nc8 43. Ne5 Nxb6 44. Nxf7 Kc7 45. Ne5 Nd5 46. Nc4 Nf6 47. f3 Nd5 48. Kd4 Kd7 49. Ke5 Ke7 50. f4 Nf6 51. h3 Nh5 52. g4 Nf6 53. Nb6 Kf7 54. f5 exf5 55. Kxf5 g6+ 56. Kf4 Ke6 57. e4 g5+ 58. Ke3 Ke5 59. Nc4+ Ke6 60. Kd4 Nd7 61. Nd2 Nf8 62. Nb3 Ng6 63. Nc5+ Kd6 64. Nd3 Ke6 65. e5 Nf4 66. Nxf4+ gxf4 67. Ke4 f3 68. Kxf3 Kxe5 69. h4 Kf6 70. Kf4 Kg6 71. Ke5 Kg7 72. h5 Kf7 73. Kf5 Kg7 74. Ke6 Kh8 75. Kf6 Kh7 76. Kf7 Kh8 77. Kg6 Kg8 78. Kxh6 1-0

[Event "33.Schlosspark-Open"]
[Site "Wiesbaden-Biebrich"]
[Date "2024.08.24"]
[Round "4.63"]
[White "Rabiya, Karim"]
[Black "Fang, Borui"]
[Result "0-1"]
[WhiteElo "1858"]
[BlackElo "1720"]
[PlyCount "54"]
[EventDate "2024.08.22"]
[WhiteTeam "SK Niederbrechen 1948"]
[BlackTeam "SV Oberursel"]

1. e4 e5 2. Nc3 Nf6 3. f4 d5 4. fxe5 Nxe4 5. Qf3 Nc6 6. Bb5 Nxc3 7. bxc3 Qh4+ 8. g3 Qe4+ 9. Qxe4 dxe4 10. Bxc6+ bxc6 11. Rb1 g6 12. d4 exd3 13. cxd3 Bf5 14. Bg5 Bxd3 15. Rb7 Be4 16. Nf3 Bxf3 17. Rf1 Bd5 18. a4 Be7 19. Bxe7 Kxe7 20. Rxc7+ Kd8 21. Rb7 Re8 22. Kf2 Rxe5 23. Rd1 Kc8 24. Rb4 Rb8 25. Rbd4 Rb2+ 26. Kg1 Rg2+ 27. Kf1 Rxh2 0-1

[Event "33.Schlosspark-Open"]
[Site "Wiesbaden-Biebrich"]
[Date "2024.08.24"]
[Round "4.64"]
[White "Meding, Olaf"]
[Black "Strache, Rolf"]
[Result "1-0"]
[WhiteElo "1856"]
[BlackElo "1714"]
[PlyCount "84"]
[EventDate "2024.08.22"]
[WhiteTeam "Sfr.Mainz 1928"]
[BlackTeam "SK Herborn 1946"]

1. d4 d5 2. Nc3 Nf6 3. Bf4 c6 4. e3 Bf5 5. f3 e6 6. g4 Bg6 7. h4 h6 8. Bd3 Bxd3 9. Qxd3 Bd6 10. Nge2 Na6 11. a3 Qc7 12. O-O-O O-O-O 13. Rdg1 Rdg8 14. Bxd6 Qxd6 15. e4 Nd7 16. e5 Qc7 17. f4 Nb6 18. b3 Qe7 19. Kb2 Kb8 20. Ng3 g6 21. f5 Nd7 22. Nge2 Nc7 23. Rf1 c5 24. Qe3 a6 25. Na4 c4 26. f6 Qf8 27. Rb1 Nb5 28. bxc4 dxc4 29. Nc5 Nxc5 30. dxc5 Qc8 31. Ka2 Rd8 32. a4 Nc7 33. c6 Nb5 34. axb5 Qc7 35. bxa6 Qa5+ 36. Qa3 Qxa3+ 37. Kxa3 Rd5 38. Rxb7+ Ka8 39. Ka4 Rc8 40. Rb6 Ka7 41. Rhb1 Rc7 42. Nc3 Ka8 1-0

[Event "33.Schlosspark-Open"]
[Site "Wiesbaden-Biebrich"]
[Date "2024.08.24"]
[Round "4.66"]
[White "Bratmann, Marc"]
[Black "Traut, Stefan"]
[Result "1-0"]
[WhiteElo "1853"]
[BlackElo "1713"]
[PlyCount "35"]
[EventDate "2024.08.22"]
[WhiteTeam "Sfr Stiller Zug Wiesbaden"]
[BlackTeam "SF Heusenstamm"]

1. d4 Nf6 2. Bf4 d6 3. Nc3 g6 4. e4 Bg7 5. Qd2 O-O 6. O-O-O Nbd7 7. Bh6 b6 8. f3 Bb7 9. g4 c5 10. Bxg7 Kxg7 11. h4 Rg8 12. Nge2 Rc8 13. Ng3 Kh8 14. g5 Ne8 15. h5 gxh5 16. Rxh5 Ng7 17. Rxh7+ Kxh7 18. Qh2+ 1-0

[Event "33.Schlosspark-Open"]
[Site "Wiesbaden-Biebrich"]
[Date "2024.08.24"]
[Round "4.67"]
[White "Michalski, Uwe"]
[Black "Guddat, Fabian"]
[Result "1-0"]
[WhiteElo "1826"]
[BlackElo "1698"]
[PlyCount "53"]
[EventDate "2024.08.22"]
[WhiteTeam "Sfr.Mainz 1928"]
[BlackTeam "Bochum"]

1. e4 Nf6 2. f3 e5 3. Bc4 Bc5 4. c3 O-O 5. b4 Bb6 6. a4 a5 7. Qb3 c6 8. bxa5 Rxa5 9. Ba3 Bc5 10. Bxc5 Rxc5 11. d4 exd4 12. cxd4 Rg5 13. Kf2 d5 14. exd5 Nxd5 15. Nd2 Qf6 16. Ne2 Re8 17. Rhe1 Rxg2+ 18. Kxg2 Qg5+ 19. Kh1 Qxd2 20. Rad1 Qg5 21. Ng3 Re7 22. Rxe7 Qxe7 23. Bxd5 cxd5 24. Qxd5 Be6 25. Qe4 Qd7 26. d5 Bh3 27. Re1 1-0

[Event "33.Schlosspark-Open"]
[Site "Wiesbaden-Biebrich"]
[Date "2024.08.24"]
[Round "4.68"]
[White "Meyer-Jany, Marcel"]
[Black "Joshi, Kanad"]
[Result "0-1"]
[WhiteElo "1825"]
[BlackElo "1672"]
[PlyCount "78"]
[EventDate "2024.08.22"]
[WhiteTeam "SK Herborn 1946"]
[BlackTeam "SV Oberursel"]

1. d4 d5 2. c4 e6 3. Nc3 Nf6 4. cxd5 exd5 5. Bg5 c6 6. e3 Be7 7. Bd3 h6 8. Bh4 O-O 9. Qc2 Ne8 10. Bxe7 Qxe7 11. Nxd5 cxd5 12. Qxc8 Nc6 13. Qxa8 Qb4+ 14. Kf1 Nf6 15. Qxf8+ Kxf8 16. Nf3 Qxb2 17. Rb1 Qxa2 18. h3 Ne4 19. Bxe4 dxe4 20. Rd1 exf3 21. gxf3 a5 22. Kg2 b5 23. Ra1 Qd5 24. Rhc1 b4 25. Rc5 Qd6 26. Rac1 Ne7 27. Rxa5 g6 28. Rb5 Nf5 29. f4 Nh4+ 30. Kg3 Nf5+ 31. Kg2 Qe6 32. Re5 Qa2 33. Rc8+ Kg7 34. Rb8 b3 35. Kf3 Qc2 36. Rb6 b2 37. Reb5 Qd1+ 38. Kg2 Nh4+ 39. Kg3 Qg1+ 0-1

[Event "33.Schlosspark-Open"]
[Site "Wiesbaden-Biebrich"]
[Date "2024.08.24"]
[Round "4.69"]
[White "Cichon, Jörg"]
[Black "Leichum, Engelbert"]
[Result "1/2-1/2"]
[WhiteElo "1818"]
[BlackElo "1668"]
[PlyCount "40"]
[EventDate "2024.08.22"]
[WhiteTeam "Sfr.Mainz 1928"]
[BlackTeam "Frankfurt"]

1. e4 e5 2. Nf3 Bc5 3. Bc4 d5 4. exd5 e4 5. Qe2 Nf6 6. d4 O-O 7. dxc5 exf3 8. Qxf3 Re8+ 9. Be3 Bg4 10. Qg3 Nbd7 11. O-O Ne5 12. Bg5 h6 13. Bxf6 Qxf6 14. Na3 Nxc4 15. Qxg4 Nxa3 16. bxa3 Re7 17. Rfe1 Rae8 18. Rxe7 Rxe7 19. Qd1 Re2 20. f3 Rxc2 1/2-1/2

[Event "33.Schlosspark-Open"]
[Site "Wiesbaden-Biebrich"]
[Date "2024.08.24"]
[Round "4.70"]
[White "Cimicky, Václav"]
[Black "Brauch, Manfred"]
[Result "1/2-1/2"]
[WhiteElo "1699"]
[BlackElo "1816"]
[PlyCount "59"]
[EventDate "2024.08.22"]
[WhiteTeam "Sfr Stiller Zug Wiesbaden"]
[BlackTeam "SG Pieroth/Burg Layen"]

1. e4 c5 2. Nf3 d6 3. c3 Nf6 4. g3 Nc6 5. d3 e5 6. Bg2 Be7 7. Bg5 h6 8. Bxf6 Bxf6 9. Nbd2 O-O 10. O-O Be6 11. Qc2 Qd7 12. Rad1 Rac8 13. Nb3 Bh3 14. Nc1 Bxg2 15. Kxg2 Qg4 16. Qe2 Qe6 17. Ng1 Bg5 18. b3 Rce8 19. Nh3 f5 20. Nxg5 hxg5 21. exf5 Qxf5 22. Qe4 Qe6 23. Qe3 Rf5 24. g4 Rf4 25. h3 Qg6 26. Ne2 Rf6 27. Ng3 Ref8 28. Rd2 R6f7 29. Ne4 Rf4 30. Ng3 1/2-1/2

[Event "33.Schlosspark-Open"]
[Site "Wiesbaden-Biebrich"]
[Date "2024.08.24"]
[Round "4.71"]
[White "Nischke, Klaus-Peter"]
[Black "Stojanoski, Stefan"]
[Result "1-0"]
[WhiteElo "1813"]
[BlackElo "1587"]
[PlyCount "163"]
[EventDate "2024.08.22"]
[WhiteTeam "Sfr.Heimersheim"]
[BlackTeam "SAbt TuS Makkabi Ffm"]

1. e4 e5 2. Nf3 Nc6 3. d4 exd4 4. Bc4 Nf6 5. O-O Nxe4 6. Re1 d5 7. Bxd5 Qxd5 8. Nc3 Qd8 9. Nxe4 Be6 10. Nfg5 Qd7 11. Nxf7 Qxf7 12. Ng5 Qd7 13. Nxe6 Ne7 14. Bf4 Rc8 15. Qg4 g6 16. Be5 Rg8 17. Bxd4 c5 18. Bf6 Rc6 19. Rad1 Rd6 20. Rxd6 Qxd6 21. Rd1 h5 22. Qa4+ Qc6 23. Qb3 c4 24. Qe3 Nf5 25. Qe5 Bd6 26. Ng5+ Kf8 27. Qe6 Bxh2+ 28. Kxh2 Qxe6 29. Nxe6+ Kf7 30. Rd8 Rxd8 31. Nxd8+ Kxf6 32. Nxb7 Nd4 33. c3 Ne2 34. g3 Nc1 35. Na5 Nxa2 36. Nxc4 Nc1 37. Kg2 Nb3 38. Kf3 Kf5 39. Ke3 g5 40. Nd6+ Ke6 41. Ne4 Kf5 42. c4 h4 43. gxh4 gxh4 44. c5 Na5 45. b4 Nc4+ 46. Kd4 Ne5 47. b5 Nf3+ 48. Ke3 Ne5 49. c6 Nc4+ 50. Kd4 Nb6 51. f3 Kf4 52. c7 Kxf3 53. Ke5 Ke3 54. Nf6 Kd3 55. Nd5 Nc8 56. Ke6 h3 57. Nf4+ Kc4 58. Nxh3 Kxb5 59. Kd7 Nb6+ 60. Kd8 Ka6 61. Nf4 Kb7 62. Ne6 Kc6 63. Nf8 Kd6 64. Nd7 Nxd7 65. c8=Q Nb6 66. Qa6 Kc5 67. Qxa7 Kb5 68. Kc7 Nc4 69. Qb7+ Kc5 70. Qa6 Kd4 71. Qb5 Kc3 72. Kc6 Nd2 73. Qa4 Nb3 74. Kd5 Kb2 75. Kc4 Nd2+ 76. Kd3 Nb3 77. Qb4 Ka1 78. Qa3+ Kb1 79. Qxb3+ Ka1 80. Qb4 Ka2 81. Kc2 Ka1 82. Qb2# 1-0

[Event "33.Schlosspark-Open"]
[Site "Wiesbaden-Biebrich"]
[Date "2024.08.24"]
[Round "4.72"]
[White "Faßler, Felix"]
[Black "Liu, Jonas"]
[Result "1-0"]
[WhiteElo "1808"]
[BlackElo "1551"]
[PlyCount "71"]
[EventDate "2024.08.22"]
[WhiteTeam "SC Fulda"]
[BlackTeam "SV Oberursel"]

1. e4 c5 2. Nf3 Nc6 3. b4 Nxb4 4. c3 Nc6 5. d4 cxd4 6. cxd4 e6 7. Nc3 Bb4 8. Bd2 d5 9. e5 Nge7 10. Bd3 Nf5 11. Bxf5 exf5 12. O-O O-O 13. Bg5 Be7 14. Bxe7 Nxe7 15. Nb5 Be6 16. Ng5 Qd7 17. a4 a6 18. Nc3 Rac8 19. Ra3 Nc6 20. Ne2 Na5 21. Nf4 h6 22. Ngh3 f6 23. exf6 Rxf6 24. Nh5 Rff8 25. Rg3 Rf7 26. Rxg7+ Rxg7 27. Nf6+ Kf8 28. Nxd7+ Bxd7 29. Qd2 Nc4 30. Qxh6 Bxa4 31. Qf6+ Kg8 32. Qe6+ Kh7 33. Qxf5+ Kh6 34. Qxc8 Bb5 35. Re1 Bd7 36. Qh8+ 1-0

[Event "33.Schlosspark-Open"]
[Site "Wiesbaden-Biebrich"]
[Date "2024.08.24"]
[Round "4.74"]
[White "Held, Gerd"]
[Black "Fröhlich-Dill, Astrid"]
[Result "0-1"]
[WhiteElo "1674"]
[BlackElo "1794"]
[PlyCount "110"]
[EventDate "2024.08.22"]
[WhiteTeam "SC Groß-Zimmern"]
[BlackTeam "SV 1920 Hofheim"]

1. c4 c5 2. g3 Nc6 3. Bg2 Nf6 4. Nf3 e6 5. Nc3 d5 6. cxd5 exd5 7. d4 Be6 8. O-O Be7 9. Be3 c4 10. a3 O-O 11. Ng5 Bf5 12. b4 h6 13. Nf3 Nxb4 14. axb4 Bxb4 15. Qc1 a5 16. Ne5 Bxc3 17. Qxc3 Qb6 18. Bd2 a4 19. Ra2 Qb3 20. Rfa1 Rfb8 21. Qb4 Qxb4 22. Bxb4 Rc8 23. Bc3 b5 24. Bb4 c3 25. Rc1 c2 26. Nd3 Rc4 27. Be7 Bxd3 28. exd3 Rxd4 29. Bxf6 gxf6 30. Bf1 Rc8 31. Raxc2 Rxc2 32. Rxc2 Kf8 33. Ra2 Ke7 34. f4 Kd6 35. Kf2 Kc5 36. Ke3 Rb4 37. Rc2+ Kb6 38. d4 a3 39. Ra2 Rb3+ 40. Kd2 b4 41. Be2 Rc3 42. Bh5 Kb5 43. Bxf7 Kc4 44. Bg6 Kxd4 45. Bb1 Rf3 46. Ke2 Rb3 47. Kd2 Rxb1 48. Kc2 Rh1 49. Kb3 Kc5 50. Ka4 Rc1 51. h4 Kc4 52. g4 b3 53. Rxa3 b2 54. Rb3 Ra1+ 55. Ra3 Rxa3+ 0-1

[Event "33.Schlosspark-Open"]
[Site "Wiesbaden-Biebrich"]
[Date "2024.08.24"]
[Round "4.77"]
[White "Bährle, Julius"]
[Black "Schmid, Peter"]
[Result "1/2-1/2"]
[WhiteElo "1603"]
[BlackElo "1773"]
[PlyCount "55"]
[EventDate "2024.08.22"]
[WhiteTeam "Sfr Stiller Zug Wiesbaden"]
[BlackTeam "SF Fortuna Leipzig e."]

1. Nf3 d5 2. d4 c5 3. c3 Nc6 4. Bf4 Nf6 5. Nbd2 e6 6. e3 c4 7. Be2 Bd6 8. Ne5 Qc7 9. Ndf3 Nd7 10. Nxd7 Bxd7 11. Bxd6 Qxd6 12. b3 b5 13. bxc4 bxc4 14. O-O O-O 15. Qc2 h6 16. Rfb1 Rab8 17. e4 Rfe8 18. e5 Qa3 19. Bd1 Ne7 20. h3 Ng6 21. g3 Rb5 22. Nd2 Reb8 23. Rxb5 Rxb5 24. Rb1 Qa5 25. Kh2 Rxb1 26. Nxb1 Ne7 27. f4 Nf5 28. Qd2 1/2-1/2